Miếng da lừa

Đã lưu trong:
书目详细资料
主要作者: Balzac, Honoré de
格式: 图书
语言:Undetermined
出版: H. Văn học 2013
主题:
在线阅读:http://lrc.tdmu.edu.vn/opac/search/detail.asp?aID=2&ID=22739
标签: 添加标签
没有标签, 成为第一个标记此记录!
Thư viện lưu trữ: Trung tâm Học liệu Trường Đại học Thủ Dầu Một
LEADER 00602nam a2200193Ia 4500
001 TDMU_22739
008 210410s9999 xx 000 0 und d
082 |a 843 
090 |b B100 
100 |a Balzac, Honoré de 
245 0 |a Miếng da lừa 
245 0 |c Honoré de Balzac; Trọng Đức (dịch) 
260 |a H. 
260 |b Văn học 
260 |c 2013 
300 |a 427 tr. 
650 |a Tiểu thuyết  |z Pháp; Văn học Pháp 
856 |u http://lrc.tdmu.edu.vn/opac/search/detail.asp?aID=2&ID=22739 
980 |a Trung tâm Học liệu Trường Đại học Thủ Dầu Một